[Event "Baden Wuerttemberg-ch Seniors op 4th"]
[Site "Freudenstadt"]
[Date "2018.06.16"]
[Round "2"]
[White "Hoeschele, Hans Ulrich"]
[Black "Lutz, Albert"]
[Result "0-1"]
[WhiteElo "1965"]
[BlackElo "2146"]
[PlyCount "80"]
[EventDate "2018.06.15"]
[EventType "swiss"]
[EventRounds "9"]
[EventCountry "GER"]
[SourceTitle "EXT 2019"]
[Source "ChessBase"]
[SourceDate "2018.10.10"]
[SourceVersion "1"]
[SourceVersionDate "2018.10.10"]
[SourceQuality "1"]

1. Nf3 Nf6 2. c4 e6 3. g3 d5 4. cxd5 exd5 5. Bg2 Bd6 6. d3 0-0 7. 0-0 Re8 8. Nbd2 b6 9. b3 Bb7 10. Bb2 Nbd7 11. Rc1 c5 12. Re1 Rc8 13. Bh3 Rc7 14. e3 Ne5 15. Nxe5 Bxe5 16. d4 Bd6 17. Bg2 Qe7 18. Bf1 Bc8 19. Qe2 Bf5 20. Bg2 Qe6 21. Qf1 h5 22. Nf3 Ne4 23. Nh4 Bh7 24. Bh3 f5 25. Qe2 g5 26. Qxh5 gxh4 27. dxc5 Be5 28. cxb6 Rxc1 29. Bxc1 hxg3 30. hxg3 axb6 31. Bg2 Bg6 32. Qe2 Kg7 33. Qa6 Rc8 34. f4 Bf6 35. Qa3 Rc2 36. b4 Qc6 37. Rd1 Bf7 38. b5 Qxb5 39. Bf1 Qc6 40. Bd3 Rc3 0-1

[Event "Stuttgart-chA int"]
[Site "Ditzingen"]
[Date "2018.05.11"]
[Round "4"]
[White "Koch, Martin"]
[Black "Hoeschele, Hans Ulrich"]
[Result "1/2-1/2"]
[WhiteElo "2056"]
[BlackElo "1994"]
[PlyCount "92"]
[EventDate "2018.05.10"]
[EventType "swiss"]
[EventRounds "7"]
[EventCountry "GER"]
[SourceTitle "EXT 2020"]
[Source "ChessBase"]
[SourceDate "2019.10.17"]
[SourceVersion "1"]
[SourceVersionDate "2019.10.17"]
[SourceQuality "1"]

1. d4 d5 2. Bf4 Nd7 3. e3 e6 4. Nf3 c6 5. Bd3 Ngf6 6. h3 Nb6 7. 0-0 Bd6 8. Bxd6 Qxd6 9. Nbd2 Nbd7 10. e4 dxe4 11. Nxe4 Nxe4 12. Bxe4 Nf6 13. Bd3 0-0 14. Qd2 c5 15. Rfe1 cxd4 16. Nxd4 Rd8 17. Nf3 Qc7 18. Ne5 Bd7 19. Qg5 Be8 20. Rad1 Rd5 21. Qe3 Rad8 22. c4 R5d6 23. b3 b6 24. Be2 Bc6 25. Rxd6 Rxd6 26. Nxc6 Qxc6 27. Rd1 h6 28. Qf4 Rxd1+ 29. Bxd1 Qe4 30. Qxe4 Nxe4 31. Bc2 Nd6 32. Kf1 a5 33. Ke2 Kf8 34. Kd3 e5 35. a3 Ke7 36. b4 Nb7 37. g4 g6 38. Ba4 axb4 39. axb4 f5 40. Bc6 Nd8 41. Bd5 Kd6 42. Bg8 Ne6 43. gxf5 gxf5 44. Ke3 Nd4 45. Kd3 Nc6 46. Kc3 Ne7 1/2-1/2

[Event "Stuttgart-chA int"]
[Site "Ditzingen"]
[Date "2018.05.10"]
[Round "1"]
[White "Maiorov, Nikita"]
[Black "Hoeschele, Hans Ulrich"]
[Result "1-0"]
[WhiteElo "2532"]
[BlackElo "1994"]
[PlyCount "41"]
[EventDate "2018.05.10"]
[EventType "swiss"]
[EventRounds "7"]
[EventCountry "GER"]
[SourceTitle "EXT 2020"]
[Source "ChessBase"]
[SourceDate "2019.10.17"]
[SourceVersion "1"]
[SourceVersionDate "2019.10.17"]
[SourceQuality "1"]

1. d4 Nf6 2. c4 e6 3. Nf3 d5 4. Nc3 c6 5. e3 Nbd7 6. Qc2 Bd6 7. Bd3 dxc4 8. Bxc4 b5 9. Be2 Bb7 10. 0-0 a6 11. e4 Be7 12. e5 Nd5 13. Nxd5 cxd5 14. Bd3 Rc8 15. Qb1 h6 16. Bd2 Qb6 17. a4 bxa4 18. Rxa4 Nb8 19. Ba5 Qb3 20. Ra2 Nc6 21. Bd2 1-0

[Event "Wch Seniors 65 26th"]
[Site "Marianske Lazne"]
[Date "2016.11.29"]
[Round "10"]
[White "Hoeschele, Hans Ulrich"]
[Black "Bernhoeft, Erhard"]
[Result "1/2-1/2"]
[WhiteElo "2057"]
[BlackElo "1962"]
[PlyCount "70"]
[EventDate "2016.11.19"]
[EventType "swiss"]
[EventRounds "11"]
[EventCountry "CZE"]
[SourceTitle "CBM 175 Extra"]
[Source "ChessBase"]
[SourceDate "2016.12.12"]
[SourceVersion "1"]
[SourceVersionDate "2016.12.12"]
[SourceQuality "1"]

1. c4 g6 2. Nc3 c6 3. d4 Bg7 4. Nf3 d5 5. e3 e6 6. a3 Nf6 7. Qc2 dxc4 8. Bxc4 Nbd7 9. 0-0 0-0 10. Rd1 Nb6 11. Be2 Qe7 12. Bd2 Re8 13. Ne5 Nfd7 14. Nxd7 Nxd7 15. Ne4 a5 16. Bc3 f5 17. Ng3 Nb6 18. Qd2 a4 19. e4 Qh4 20. Bf3 Bd7 21. exf5 exf5 22. d5 Bxc3 23. Qxc3 Nxd5 24. Bxd5+ cxd5 25. Rxd5 Bc6 26. Rd4 Qe7 27. Rad1 Rad8 28. f3 Rxd4 29. Qxd4 Qe3+ 30. Qxe3 Rxe3 31. Kf2 Rb3 32. Rd2 Bb5 33. h4 Kf7 34. h5 Kf6 35. hxg6 hxg6 1/2-1/2

[Event "Wch Seniors 65 26th"]
[Site "Marianske Lazne"]
[Date "2016.11.27"]
[Round "8"]
[White "Hoeschele, Hans Ulrich"]
[Black "Valtera, Jiri"]
[Result "1-0"]
[WhiteElo "2057"]
[BlackElo "1943"]
[PlyCount "113"]
[EventDate "2016.11.19"]
[EventType "swiss"]
[EventRounds "11"]
[EventCountry "CZE"]
[SourceTitle "CBM 175 Extra"]
[Source "ChessBase"]
[SourceDate "2016.12.12"]
[SourceVersion "1"]
[SourceVersionDate "2016.12.12"]
[SourceQuality "1"]

1. Nf3 c5 2. c3 Nc6 3. d4 d6 4. e3 e5 5. dxe5 dxe5 6. Qxd8+ Kxd8 7. Nbd2 f6 8. e4 Be6 9. Bc4 Bxc4 10. Nxc4 b5 11. Ne3 Nge7 12. 0-0 g6 13. Rd1+ Kc7 14. Nd5+ Nxd5 15. Rxd5 Rd8 16. Rxd8 Kxd8 17. Be3 Be7 18. Nd2 Kc7 19. Kf1 Rd8 20. Ke2 Rd7 21. a3 Nd8 22. a4 Kc6 23. axb5+ Kxb5 24. b3 a5 25. Nc4 Nc6 26. Ra4 Rd8 27. Bd2 Rd7 28. Ne3 Bd8 29. f3 Ne7 30. Nd5 Nxd5 31. c4+ Ka6 32. exd5 Rb7 33. Ra3 f5 34. Kd3 Re7 35. b4 e4+ 36. fxe4 cxb4 37. Bxb4 Rxe4 38. Bc5 Re1 39. Be3 Be7 40. Ra2 Bb4 41. Rc2 Bd6 42. h3 Ra1 43. c5 Ra3+ 44. Ke2 Be5 45. d6 Rc3 46. Rxc3 Bxc3 47. Bg5 a4 48. d7 Ba5 49. d8Q Bxd8 50. Bxd8 Kb5 51. Ke3 a3 52. Bf6 Kxc5 53. Be7+ Kd5 54. Bxa3 Ke5 55. Bb2+ Ke6 56. Kf4 h6 57. h4 1-0

[Event "Wch Seniors 65 26th"]
[Site "Marianske Lazne"]
[Date "2016.11.26"]
[Round "7"]
[White "Marcovici, Adrian"]
[Black "Hoeschele, Hans Ulrich"]
[Result "1/2-1/2"]
[WhiteElo "1906"]
[BlackElo "2057"]
[PlyCount "54"]
[EventDate "2016.11.19"]
[EventType "swiss"]
[EventRounds "11"]
[EventCountry "CZE"]
[SourceTitle "CBM 175 Extra"]
[Source "ChessBase"]
[SourceDate "2016.12.12"]
[SourceVersion "1"]
[SourceVersionDate "2016.12.12"]
[SourceQuality "1"]

1. e4 d5 2. exd5 Qxd5 3. Nc3 Qd8 4. d4 Nf6 5. Nf3 c6 6. a4 Bg4 7. Be2 e6 8. 0-0 Bb4 9. h3 Bh5 10. Na2 Bd6 11. c4 Nbd7 12. Nc3 a6 13. Ne5 Bg6 14. Bf4 Qb8 15. Nxg6 hxg6 16. Bxd6 Qxd6 17. Bf3 0-0 18. c5 Qf4 19. Ne2 Qc7 20. Nc3 Rad8 21. Qc2 e5 22. dxe5 Nxe5 23. Be2 Rd4 24. Rfd1 Rfd8 25. Rxd4 Rxd4 26. Rd1 Qd8 27. b4 g5 1/2-1/2

[Event "Baden Wuerttemberg-ch Seniors op 2nd"]
[Site "Freudenstadt"]
[Date "2016.07.09"]
[Round "9"]
[White "Hoeschele, Hans Ulrich"]
[Black "Schneider, Frank"]
[Result "1-0"]
[WhiteElo "2022"]
[BlackElo "2107"]
[PlyCount "83"]
[EventDate "2016.07.01"]
[EventType "swiss"]
[EventRounds "9"]
[EventCountry "GER"]
[SourceTitle "EXT 2019"]
[Source "ChessBase"]
[SourceDate "2018.10.10"]
[SourceVersion "1"]
[SourceVersionDate "2018.10.10"]
[SourceQuality "1"]

1. Nf3 Nf6 2. b3 g6 3. Bb2 Bg7 4. c4 d6 5. g3 0-0 6. Bg2 e5 7. d3 Re8 8. Nbd2 Nbd7 9. Qc2 Nc5 10. b4 Ne6 11. e3 c6 12. 0-0 Qb6 13. a3 Bd7 14. Rab1 Rac8 15. c5 dxc5 16. Nc4 Qa6 17. Nd6 cxb4 18. axb4 Nc7 19. Nxc8 Bxc8 20. Bxe5 Nb5 21. Qb2 Nh5 22. Bxg7 Nxg7 23. Ra1 Qb6 24. Ng5 Bf5 25. Rfd1 Qc7 26. Ne4 Bxe4 27. dxe4 Qe7 28. Rd3 Nh5 29. e5 Rd8 30. Rad1 Rxd3 31. Rxd3 Ng7 32. f4 Ne6 33. Qd2 Qc7 34. Bh3 Nf8 35. Rd8 Qe7 36. Rc8 h5 37. Bf1 Nc7 38. Qd6 Nd5 39. e4 Qxd6 40. exd6 Nf6 41. e5 N6d7 42. Rc7 1-0

[Event "Stuttgart-chA int"]
[Site "Ditzingen"]
[Date "2016.05.06"]
[Round "3"]
[White "Weis, Olga"]
[Black "Hoeschele, Hans Ulrich"]
[Result "0-1"]
[WhiteElo "1902"]
[BlackElo "2012"]
[PlyCount "64"]
[EventDate "2016.05.05"]
[EventType "swiss"]
[EventRounds "7"]
[EventCountry "GER"]
[SourceTitle "EXT 2018"]
[Source "ChessBase"]
[SourceDate "2017.10.13"]
[SourceVersion "1"]
[SourceVersionDate "2017.10.13"]
[SourceQuality "1"]

1. e4 e5 2. Nf3 Nc6 3. Bc4 d6 4. c3 Qe7 5. d3 Nf6 6. Nbd2 h6 7. Nf1 g6 8. Ng3 Bg7 9. Bb3 Be6 10. 0-0 Bg4 11. h3 Bxf3 12. Qxf3 0-0 13. Be3 Kh7 14. Rfe1 Nd7 15. Rad1 Qf6 16. Qe2 Nc5 17. Bc2 Ne6 18. Qd2 Rad8 19. Bb3 Na5 20. Bd5 c5 21. b4 cxb4 22. cxb4 Nc6 23. Bxc6 bxc6 24. Bxa7 Ra8 25. Be3 Ra6 26. Rc1 Rfa8 27. Rc2 Qe7 28. Ne2 Qb7 29. Rb2 Ra3 30. Nc3 Qa6 31. Ra1 Nd4 32. Qd1 Rxc3 0-1

[Event "Stuttgart-chA int"]
[Site "Ditzingen"]
[Date "2016.05.05"]
[Round "1"]
[White "Schroeder, Kevin"]
[Black "Hoeschele, Hans Ulrich"]
[Result "1-0"]
[WhiteElo "2361"]
[BlackElo "2012"]
[PlyCount "109"]
[EventDate "2016.05.05"]
[EventType "swiss"]
[EventRounds "7"]
[EventCountry "GER"]
[SourceTitle "EXT 2018"]
[Source "ChessBase"]
[SourceDate "2017.10.13"]
[SourceVersion "1"]
[SourceVersionDate "2017.10.13"]
[SourceQuality "1"]

1. e4 e5 2. Nf3 Nc6 3. Bb5 a6 4. Ba4 Nf6 5. Qe2 b5 6. Bb3 Be7 7. d4 d6 8. a4 Rb8 9. axb5 axb5 10. d5 Nd4 11. Nxd4 exd4 12. c3 dxc3 13. Nxc3 Bd7 14. Na2 0-0 15. Nb4 Re8 16. 0-0 Ra8 17. Bd2 Bf8 18. f3 c5 19. dxc6 Bxc6 20. Rac1 Bd7 21. Bg5 Re5 22. Qd2 h6 23. Be3 Be8 24. Rfd1 Rc8 25. Rxc8 Qxc8 26. Bd4 Rg5 27. Bxf6 gxf6 28. Nd5 Qc5+ 29. Kh1 Kg7 30. Rc1 Qa7 31. h4 Rg6 32. Nf4 h5 33. Nxg6 fxg6 34. Qd5 Kh6 35. Rd1 Bg7 36. Qxd6 Bf7 37. Bxf7 Qxf7 38. g3 Qc4 39. Qd3 Qc5 40. Kg2 Kh7 41. Qc3 Qa7 42. Qb3 Qb7 43. Rd5 b4 44. Qc4 Qe7 45. Qc5 Qe6 46. Qd6 Qf7 47. Qxb4 f5 48. Qd2 fxe4 49. fxe4 Qb7 50. b4 Qe7 51. Qe2 Qxb4 52. Rd7 Qa4 53. Rb7 Qc6 54. Qb2 Qxe4+ 55. Kh2 1-0

[Event "Bad Woerishofen Seniors op 32nd"]
[Site "Bad Woerishofen"]
[Date "2016.03.02"]
[Round "6"]
[White "Weinwurm, Wolfgang"]
[Black "Hoeschele, Hans Ulrich"]
[Result "1-0"]
[WhiteElo "2185"]
[BlackElo "1979"]
[PlyCount "77"]
[EventDate "2016.02.26"]
[EventType "swiss"]
[EventRounds "9"]
[EventCountry "GER"]
[SourceTitle "EXT 2019"]
[Source "ChessBase"]
[SourceDate "2018.10.10"]
[SourceVersion "1"]
[SourceVersionDate "2018.10.10"]
[SourceQuality "1"]

1. e4 e5 2. Nf3 Nc6 3. d4 exd4 4. Nxd4 Bc5 5. Nb3 Be7 6. Nc3 Nf6 7. Bf4 d6 8. Qd2 Be6 9. f3 a6 10. Be2 0-0 11. g4 b5 12. h4 Ne5 13. 0-0-0 Nfd7 14. g5 c6 15. Kb1 Bc4 16. Bxc4 bxc4 17. Nd4 Rb8 18. Nf5 Re8 19. Nxe7+ Rxe7 20. Qxd6 Re6 21. Qa3 Qc8 22. Ne2 c5 23. Rd5 Reb6 24. Bc1 c3 25. Qxc3 Nc6 26. Rhd1 R8b7 27. b3 Nb4 28. Bb2 f6 29. R5d2 Nf8 30. Qc4+ Qe6 31. Qxe6+ Rxe6 32. gxf6 gxf6 33. Nf4 Reb6 34. a3 Nxc2 35. Rxc2 Rxb3 36. Rd3 c4 37. Rxb3 cxb3 38. Rc6 Nd7 39. Nd5 1-0

[Event "Bad Woerishofen Seniors op 32nd"]
[Site "Bad Woerishofen"]
[Date "2016.02.29"]
[Round "4"]
[White "Lange, Manfred"]
[Black "Hoeschele, Hans Ulrich"]
[Result "0-1"]
[WhiteElo "2098"]
[BlackElo "1979"]
[PlyCount "92"]
[EventDate "2016.02.26"]
[EventType "swiss"]
[EventRounds "9"]
[EventCountry "GER"]
[SourceTitle "EXT 2019"]
[Source "ChessBase"]
[SourceDate "2018.10.10"]
[SourceVersion "1"]
[SourceVersionDate "2018.10.10"]
[SourceQuality "1"]

1. Nf3 d5 2. c4 Nf6 3. g3 c6 4. Bg2 g6 5. 0-0 Bg7 6. d4 0-0 7. Nc3 Nbd7 8. b3 Re8 9. Bb2 Qa5 10. a3 dxc4 11. bxc4 Nb6 12. Qd3 Qh5 13. Ne5 Ng4 14. Nxg4 Bxg4 15. Rfe1 Rad8 16. e3 Be6 17. c5 Nc4 18. Qc2 Nxb2 19. Qxb2 Bc8 20. Qb3 Qf5 21. Rad1 Qd7 22. d5 Qc7 23. e4 cxd5 24. Nxd5 Qxc5 25. Rc1 Qd6 26. Red1 Be6 27. Qxb7 Qxa3 28. Rc7 Bxd5 29. exd5 Bd4 30. Rdc1 Bb6 31. R7c2 Rd6 32. Rc8 Kg7 33. Rf1 Qb2 34. Qa8 Rxc8 35. Qxc8 Rf6 36. Qc1 Rxf2 37. Qxb2+ Rxb2+ 38. Kh1 Bc5 39. Be4 a5 40. Rb1 Rd2 41. Rb5 Bb4 42. g4 Rd4 43. Bf3 a4 44. Rb6 a3 45. Ra6 Bd6 46. h4 h5 0-1

[Event "Wuertemberg-ch Seniors 27th"]
[Site "Freudenstadt"]
[Date "2015.07.10"]
[Round "9"]
[White "Hoeschele, Hans Ulrich"]
[Black "Dotan, Valeria"]
[Result "1/2-1/2"]
[WhiteElo "1996"]
[BlackElo "1919"]
[PlyCount "104"]
[EventDate "2015.07.03"]
[EventType "swiss"]
[EventRounds "9"]
[EventCountry "GER"]
[SourceTitle "EXT 2016"]
[Source "ChessBase"]
[SourceDate "2015.10.08"]
[SourceVersion "1"]
[SourceVersionDate "2015.10.08"]
[SourceQuality "1"]

1. d4 Nf6 2. Nf3 e6 3. g3 d5 4. Bg2 c6 5. 0-0 Be7 6. b3 Nbd7 7. c4 Rb8 8. Bf4 Ra8 9. Nc3 h6 10. Qc2 Nh5 11. Be3 Bd6 12. Rfd1 0-0 13. c5 Bb8 14. Ne1 f5 15. f4 Ndf6 16. Nf3 Ne4 17. Bf2 Bd7 18. Ne5 Be8 19. Nxe4 dxe4 20. b4 Nf6 21. a4 Nd5 22. Qb3 a6 23. Nc4 Bc7 24. Ne3 Bh5 25. Rd2 Rf7 26. Nxd5 exd5 27. Rb1 Re7 28. e3 Be8 29. Bh3 Qd7 30. Rdb2 g5 31. Bf1 Qe6 32. Qd1 gxf4 33. gxf4 Rg7+ 34. Bg3 Bd8 35. Rg2 Kh7 36. Be2 Bf6 37. Bf2 Rxg2+ 38. Kxg2 Bd7 39. Qd2 Rg8+ 40. Kh1 Be8 41. Rg1 Rxg1+ 42. Kxg1 Qg8+ 43. Kh1 Qg7 44. Qd1 Qg6 45. Qg1 Qxg1+ 46. Kxg1 Kg7 47. Kf1 Kf8 48. Ke1 Ke7 49. Kd2 Kd8 50. Kc3 Kc7 51. Kb3 Be7 52. Be1 Kc8 1/2-1/2

[Event "Wuertemberg-ch Seniors 27th"]
[Site "Freudenstadt"]
[Date "2015.07.10"]
[Round "8"]
[White "Streiter, Manfred"]
[Black "Hoeschele, Hans Ulrich"]
[Result "1-0"]
[WhiteElo "1926"]
[BlackElo "1996"]
[PlyCount "53"]
[EventDate "2015.07.03"]
[EventType "swiss"]
[EventRounds "9"]
[EventCountry "GER"]
[SourceTitle "EXT 2016"]
[Source "ChessBase"]
[SourceDate "2015.10.08"]
[SourceVersion "1"]
[SourceVersionDate "2015.10.08"]
[SourceQuality "1"]

1. Nf3 g6 2. g3 Bg7 3. Bg2 c5 4. 0-0 Nc6 5. c4 d6 6. d3 e6 7. e3 Nge7 8. d4 Qb6 9. dxc5 dxc5 10. Nc3 0-0 11. Qb3 Qc7 12. Nb5 Qb8 13. Bd2 Rd8 14. Bc3 Bf8 15. Rfd1 Bd7 16. Nd6 b6 17. Ne4 Bg7 18. Bxg7 Kxg7 19. Qc3+ e5 20. Nd6 f6 21. Rd2 Bg4 22. Rad1 Rxd6 23. Rxd6 Nd4 24. Nxd4 exd4 25. R1xd4 cxd4 26. Qxd4 Bf5 27. Qxf6+ 1-0

[Event "Wuertemberg-ch Seniors 27th"]
[Site "Freudenstadt"]
[Date "2015.07.08"]
[Round "6"]
[White "Hoehler, Waldemar"]
[Black "Hoeschele, Hans Ulrich"]
[Result "0-1"]
[WhiteElo "1870"]
[BlackElo "1996"]
[PlyCount "86"]
[EventDate "2015.07.03"]
[EventType "swiss"]
[EventRounds "9"]
[EventCountry "GER"]
[SourceTitle "EXT 2016"]
[Source "ChessBase"]
[SourceDate "2015.10.08"]
[SourceVersion "1"]
[SourceVersionDate "2015.10.08"]
[SourceQuality "1"]

1. Nf3 d5 2. b3 Nf6 3. Bb2 e6 4. g3 Nbd7 5. Bg2 a6 6. 0-0 c6 7. d3 Bc5 8. Nbd2 0-0 9. c4 Re8 10. Qc2 h6 11. Rac1 Bb4 12. a3 Bf8 13. b4 a5 14. b5 c5 15. e3 b6 16. d4 Bb7 17. cxd5 exd5 18. dxc5 bxc5 19. a4 Qb6 20. Rfd1 c4 21. Bd4 Bc5 22. Nb1 Bxd4 23. Nxd4 Nc5 24. Nc3 Nd3 25. Ra1 Rac8 26. Bf1 Nb4 27. Qe2 Ne4 28. Nxe4 dxe4 29. Qg4 Nd3 30. Nf5 Qf6 31. Nd4 Qxf2+ 32. Kh1 Qxe3 33. Qxg7+ Kxg7 34. Nf5+ Kg6 35. Nxe3 Nf2+ 36. Kg2 Nxd1 37. Rxd1 c3 38. Rc1 Red8 39. Kh3 Rd4 40. Be2 Rd2 41. Bg4 Rc5 42. Bd1 Bc8+ 43. Kh4 Rxh2# 0-1

[Event "Wuerttemberg-ch Seniors op 26th"]
[Site "Freudenstadt"]
[Date "2014.07.21"]
[Round "6"]
[White "Hoeschele, Hans Ulrich"]
[Black "Haselhorst, Helmut"]
[Result "0-1"]
[WhiteElo "2067"]
[BlackElo "2093"]
[PlyCount "82"]
[EventDate "2014.07.16"]
[EventType "swiss"]
[EventRounds "9"]
[EventCountry "GER"]
[SourceTitle "EXT 2019"]
[Source "ChessBase"]
[SourceDate "2018.10.10"]
[SourceVersion "1"]
[SourceVersionDate "2018.10.10"]
[SourceQuality "1"]

1. d4 Nf6 2. Nf3 g6 3. g3 Bg7 4. Bg2 0-0 5. c3 d6 6. 0-0 Nbd7 7. Re1 e5 8. dxe5 dxe5 9. Qc2 Qe7 10. Bg5 h6 11. Bc1 Re8 12. Nfd2 Nf8 13. b3 Bf5 14. e4 Be6 15. Ba3 Qd7 16. Nf1 Rad8 17. Nbd2 Qd3 18. Rac1 Qxc2 19. Rxc2 N8d7 20. Ne3 Bf8 21. Bc1 Nc5 22. Rd1 Rd7 23. c4 c6 24. Bb2 Red8 25. Bxe5 Nfxe4 26. Nef1 Nxf2 27. Kxf2 Nd3+ 28. Ke2 Nxe5 29. Rdc1 Nd3 30. Rb1 Bg4+ 31. Bf3 Re8+ 32. Ne3 Bf5 33. Ndf1 Nc5 34. Rbc1 Bxc2 35. Rxc2 Ne6 36. Rd2 Rxd2+ 37. Nxd2 Nd4+ 38. Kd3 Rd8 39. Bd5 Ne6 40. Nf3 cxd5 41. cxd5 Bc5 0-1

[Event "Wuerttemberg-ch Seniors op 26th"]
[Site "Freudenstadt"]
[Date "2014.07.16"]
[Round "1"]
[White "Foehl, Frithjof"]
[Black "Hoeschele, Hans Ulrich"]
[Result "0-1"]
[WhiteElo "1848"]
[BlackElo "2067"]
[PlyCount "62"]
[EventDate "2014.07.16"]
[EventType "swiss"]
[EventRounds "9"]
[EventCountry "GER"]
[SourceTitle "EXT 2019"]
[Source "ChessBase"]
[SourceDate "2018.10.10"]
[SourceVersion "1"]
[SourceVersionDate "2018.10.10"]
[SourceQuality "1"]

1. e4 d6 2. d4 Nf6 3. Nc3 c6 4. h3 Qc7 5. Nf3 e5 6. Be3 Be7 7. Bd3 Nbd7 8. Qe2 0-0 9. g4 exd4 10. Nxd4 Ne5 11. f4 Nxd3+ 12. cxd3 Ne8 13. f5 Bh4+ 14. Kd2 b5 15. Nf3 Bf6 16. Rac1 Qa5 17. g5 b4 18. gxf6 bxc3+ 19. bxc3 Nxf6 20. Bd4 Ne8 21. Rhg1 f6 22. Rc2 c5 23. Be3 Ba6 24. h4 Rd8 25. Qf2 Rf7 26. h5 d5 27. e5 d4 28. Bh6 dxc3+ 29. Kc1 Bxd3 30. e6 Qa3+ 31. Kb1 Qb2# 0-1

[Event "Stuttgart-chA int"]
[Site "Ditzingen"]
[Date "2014.05.29"]
[Round "2"]
[White "Kabisch, Thilo"]
[Black "Hoeschele, Hans Ulrich"]
[Result "1-0"]
[WhiteElo "2261"]
[BlackElo "2095"]
[PlyCount "75"]
[EventDate "2014.05.29"]
[EventType "swiss"]
[EventRounds "7"]
[EventCountry "GER"]
[SourceTitle "EXT 2015"]
[Source "ChessBase"]
[SourceDate "2014.11.20"]
[SourceVersion "1"]
[SourceVersionDate "2014.11.20"]
[SourceQuality "1"]

1. e4 c5 2. Nf3 d6 3. d4 cxd4 4. Nxd4 Nf6 5. Nc3 Nc6 6. Bc4 e6 7. a3 a6 8. Ba2 Be7 9. 0-0 Qb6 10. Be3 Nxd4 11. Bxd4 Qc6 12. Qd3 0-0 13. Rad1 e5 14. Be3 Bg4 15. f3 Be6 16. Nd5 Bxd5 17. exd5 Qc7 18. c4 Nd7 19. b4 b6 20. Rf2 f5 21. Rc2 f4 22. Bf2 Kh8 23. c5 bxc5 24. bxc5 Rfb8 25. c6 Nf6 26. Bc4 e4 27. fxe4 Ng4 28. Rf1 Bf6 29. Kh1 Nxf2+ 30. Rcxf2 Be5 31. Bxa6 Rf8 32. Bb7 Ra4 33. g3 g5 34. gxf4 gxf4 35. Rg2 Qa5 36. Rf3 Rd4 37. Qe2 Qa4 38. Rg1 1-0

[Event "Langenwang op"]
[Site "Langenwang"]
[Date "2014.01.12"]
[Round "3"]
[White "Hoeschele, Hans Ulrich"]
[Black "Wewers, Reinhard"]
[Result "0-1"]
[WhiteElo "2090"]
[BlackElo "2182"]
[PlyCount "24"]
[EventDate "2014.01.10"]
[EventType "swiss"]
[EventRounds "9"]
[EventCountry "GER"]
[SourceTitle "EXT 2015"]
[Source "ChessBase"]
[SourceDate "2014.11.20"]
[SourceVersion "1"]
[SourceVersionDate "2014.11.20"]
[SourceQuality "1"]

1. Nf3 Nf6 2. c4 c5 3. Nc3 e6 4. g3 b6 5. Bg2 Bb7 6. 0-0 Be7 7. d3 0-0 8. e4 d6 9. Qc2 Nc6 10. a3 Nd7 11. Bf4 Nde5 12. Rad1 Nxf3+ 0-1

[Event "Langenwang op"]
[Site "Langenwang"]
[Date "2014.01.11"]
[Round "2"]
[White "Hoeschele, Hans Ulrich"]
[Black "Jolowicz, Matias"]
[Result "1-0"]
[WhiteElo "2090"]
[BlackElo "2221"]
[PlyCount "79"]
[EventDate "2014.01.10"]
[EventType "swiss"]
[EventRounds "9"]
[EventCountry "GER"]
[SourceTitle "EXT 2015"]
[Source "ChessBase"]
[SourceDate "2014.11.20"]
[SourceVersion "1"]
[SourceVersionDate "2014.11.20"]
[SourceQuality "1"]

1. c4 g6 2. Nc3 Bg7 3. g3 d6 4. Bg2 f5 5. d3 Nf6 6. e3 0-0 7. Nge2 e5 8. Bd2 Nc6 9. a3 a5 10. Qc2 Be6 11. Nd5 Rb8 12. 0-0 Ne7 13. Nxf6+ Bxf6 14. Bxa5 g5 15. f4 Ng6 16. Bc3 c6 17. Kh1 Qe7 18. Rae1 h5 19. e4 Qg7 20. fxe5 Bxe5 21. d4 f4 22. dxe5 dxe5 23. gxf4 gxf4 24. Bf3 Qh6 25. Rg1 Kh7 26. Rxg6 Qxg6 27. Bxe5 Bg4 28. Qc3 Rbe8 29. Ng1 Rg8 30. Bxf4 Ref8 31. Qe3 Rf7 32. Ne2 Rgf8 33. Bxg4 Qxg4 34. Rg1 Qh4 35. Bg3 Qe7 36. e5 Rf3 37. Qe4+ Kh8 38. Nf4 R3xf4 39. Bxf4 Qh4 40. Qg6 1-0

[Event "Wuerttemberg-ch Seniors op 25th"]
[Site "Freudenstadt"]
[Date "2013.07.06"]
[Round "7"]
[White "Hoeschele, Hans Ulrich"]
[Black "Mertens, Gottfried"]
[Result "1-0"]
[WhiteElo "2079"]
[BlackElo "1878"]
[PlyCount "109"]
[EventDate "2013.07.06"]
[EventType "swiss"]
[EventRounds "9"]
[EventCountry "GER"]
[SourceTitle "EXT 2019"]
[Source "ChessBase"]
[SourceDate "2018.10.10"]
[SourceVersion "1"]
[SourceVersionDate "2018.10.10"]
[SourceQuality "1"]

1. e4 e6 2. d4 d5 3. Nd2 Nf6 4. e5 Ne4 5. Ngf3 c5 6. Bb5+ Bd7 7. Bxd7+ Qxd7 8. Qe2 Nxd2 9. Bxd2 Nc6 10. dxc5 Bxc5 11. 0-0 Rc8 12. Qd3 Nb4 13. Bxb4 Bxb4 14. c3 Be7 15. Rfd1 0-0 16. c4 Rfd8 17. cxd5 exd5 18. h3 Bc5 19. Rac1 h6 20. a3 a6 21. Rc2 Bb6 22. Rdc1 Rxc2 23. Rxc2 d4 24. Re2 Qd5 25. Nd2 Rc8 26. Kh2 Bc7 27. f4 f6 28. Nf3 fxe5 29. fxe5 Re8 30. Re4 Bxe5+ 31. Nxe5 Rxe5 32. Rxd4 Qf7 33. Qg3 Re8 34. Rf4 Qe6 35. Rb4 b5 36. Rg4 Qe5 37. Qxe5 Rxe5 38. Rg6 Re2 39. b4 a5 40. bxa5 Ra2 41. Rg3 Rc2 42. Rb3 Rc4 43. Rb4 Rc3 44. a4 bxa4 45. a6 Rc8 46. Rxa4 Ra8 47. a7 Kf7 48. Kg3 Ke6 49. Kg4 g6 50. Ra6+ Kf7 51. h4 Kg7 52. Kf3 Kf7 53. Ke4 Ke8 54. Kd5 Kf7 55. Kc6 1-0

[Event "Wuerttemberg-ch Seniors op 25th"]
[Site "Freudenstadt"]
[Date "2013.07.06"]
[Round "9"]
[White "Prill, Gerhard"]
[Black "Hoeschele, Hans Ulrich"]
[Result "1/2-1/2"]
[WhiteElo "2003"]
[BlackElo "2079"]
[PlyCount "71"]
[EventDate "2013.07.06"]
[EventType "swiss"]
[EventRounds "9"]
[EventCountry "GER"]
[SourceTitle "EXT 2019"]
[Source "ChessBase"]
[SourceDate "2018.10.10"]
[SourceVersion "1"]
[SourceVersionDate "2018.10.10"]
[SourceQuality "1"]

1. e4 e5 2. Nf3 Nc6 3. Bc4 Be7 4. 0-0 d6 5. c3 Nf6 6. Re1 0-0 7. Bb3 Bg4 8. h3 Be6 9. Bxe6 fxe6 10. Qb3 Qc8 11. d3 h6 12. Nbd2 Na5 13. Qa4 b6 14. b4 Nb7 15. Qb3 a5 16. a3 axb4 17. cxb4 Kh7 18. Bb2 Qd7 19. Rac1 c5 20. Nc4 Bd8 21. Qd1 b5 22. Ncxe5 dxe5 23. bxc5 Na5 24. Nxe5 Qa7 25. d4 Bc7 26. d5 Bxe5 27. Bxe5 Nc4 28. Bd6 Nxd6 29. cxd6 e5 30. Re3 Rf7 31. Qe2 Rd8 32. Rc6 Qb8 33. Qf3 Kg8 34. Qg3 Nd7 35. Qg4 Nf8 36. Qh5 1/2-1/2